000 00295nam a22001337a 4500
008 181101b xxu||||| |||| 00| 0 eng d
020 _a0881335460
041 _aeng
080 _a316
100 _a50
101 _aSOC
245 _aSocial Work Ethic Day to Day
_cWells,C.C
942 _2udc
_cBK
999 _c51442
_d51442